Byzance et les arabes. tomo 2 /
Guardado en:
| Autor Principal: | |
|---|---|
| Formato: | Libro |
| Publicado: |
Bruxelles :
Institut De Philologie Et D'histoire Orientales, 0
|
| Materias: | |
| Etiquetas: |
Agregar Etiqueta
Sin Etiquetas, Sea el primero en etiquetar este registro!
|
| LEADER | 00473nam a22001455a 4500 | ||
|---|---|---|---|
| 001 | EHU.bham012921 | ||
| 003 | AR-BHAM | ||
| 005 | 20100224152031.0 | ||
| 008 | 130507b######################000#0#####d | ||
| 082 | 9 | 5 | |a 953 |
| 100 | 1 | |a Vasiliev, A. A. | |
| 245 | 1 | 0 | |a Byzance et les arabes. tomo 2 / |c A. A. Vasiliev |
| 260 | |a Bruxelles : |b Institut De Philologie Et D'histoire Orientales, 0 | ||
| 653 | |a Historia de arabia | ||
| 859 | |a AR-BHAM |b BIB. HUMANIDADES - General |h 953 |i V443 |p 24.65 |t Ej.1 |v II |3 II | ||
